Biografía del siervo de Dios Hermano Miguel de la Escuelas Cristianas (Record no. 187695)
[ view plain ]
| 000 -LEADER | |
|---|---|
| campo de control de longitud fija | 00943nam a2200229 i 4500 |
| 001 - NÚMERO DE CONTROL | |
| campo de control | 187695 |
| 003 - IDENTIFICADOR DE NÚMERO DE CONTROL | |
| campo de control | ES-MaACL |
| 005 - FECHA Y HORA DE LA ÚLTIMA TRANSACCIÓN | |
| campo de control | 20251113184755.0 |
| 008 - DATOS DE LONGITUD FIJA--INFORMACIÓN GENERAL | |
| campo de control de longitud fija | 180125s1926 sp aco |||| |bspa d |
| 080 ## - NÚMERO DE LA CLASIFICACIÓN DECIMAL UNIVERSAL | |
| Número de la Clasificación Decimal Universal | 929 Miguel Febres-Cordero Muñoz, Santo |
| 100 0# - ENTRADA PRINCIPAL--NOMBRE DE PERSONA | |
| Nombre de persona | Religioso de la misma Congregación, un. |
| 9 (RLIN) | 164257 |
| 245 10 - MENCIÓN DEL TÍTULO | |
| Título | Biografía del siervo de Dios Hermano Miguel de la Escuelas Cristianas |
| Resto del título | : 1854 - 1910 / |
| Mención de responsabilidad, etc. | por un Religioso de la misma Congregación. |
| 246 3# - FORMA VARIANTE DEL TITULO | |
| Texto de visualización | Precede al tít. |
| Título propio/Titulo breve | Una gloria americana |
| 250 ## - MENCION DE EDICION | |
| Mención de edición | 2ª ed., notablemente amp. |
| 260 ## - PUBLICACIÓN, DISTRIBUCIÓN, ETC. | |
| Lugar de publicación, distribución, etc. | Barcelona : |
| Nombre del editor, distribuidor, etc. | Luis Gili, |
| Fecha de publicación, distribución, etc. | 1926. |
| 300 ## - DESCRIPCIÓN FÍSICA | |
| Extensión | XV, 335 p. : |
| Otras características físicas | il., retr., fot. ; |
| Dimensiones | 23 cm. |
| 500 ## - NOTA GENERAL | |
| Nota general | Índice. |
| 599 ## - NOTA A LAS ILUSTRACIONES | |
| NOTA A LAS ILUSTRACIONES | En anteport.: retr. del biografiado. |
| 600 07 - PUNTO DE ACCESO ADICIONAL DE MATERIA--NOMBRE DE PERSONA | |
| Nombre de persona | Miguel Febres-Cordero Muñoz, |
| Títulos y otros términos asociados al nombre | Santo, |
| Fechas asociadas al nombre | 1854-1910 |
| Fuente del encabezamiento o término | |
| 9 (RLIN) | 164256 |
| 852 ## - LOCALIZACIÓN | |
| Ubicación | ES-MaACL |
| Número de control de estantería | L-31860 |
| Nota libre | . - Donat. herederos de la bibl. de Mª del Pilar Costa Palacín |
| Estatus retirado | Estado de pérdida | Estado de daño | No para préstamo | Biblioteca de origen | Biblioteca actual | Ubicación en estantería | Fecha de adquisición | Fuente de adquisición | Total de préstamos | Signatura topográfica completa | Código de barras | Visto por última vez | Precio de reemplazo | Tipo de ítem Koha |
|---|---|---|---|---|---|---|---|---|---|---|---|---|---|---|
| Biblioteca del Ateneo de Madrid | Biblioteca del Ateneo de Madrid | Depósito 2 | 25/01/2018 | L-31860 | 1198282 | 23/02/2023 | 23/02/2023 | Libro impreso |
